Principles of optics: electromagnetic theory of propagation, interference and diffraction of light

Wedi'i Gadw mewn:
Manylion Llyfryddiaeth
Prif Awduron: Born, Max (Awdur), Wolf, Emil (Awdur)
Fformat: Llyfr
Iaith:Saesneg
Cyhoeddwyd: Cambridge Cambridge University 1999
Rhifyn:7a. ed
Pynciau:
Tagiau: Ychwanegu Tag
Dim Tagiau, Byddwch y cyntaf i dagio'r cofnod hwn!

MARC

LEADER 00000cam a2200000 a 4500
001 UCE6574
003 CL-VaPUC
008 150423e19990000uk |||||||||||||||||eng|d
020 |a 9780521642224 
082 0 4 |a 535  |b BOR  |2 21 
100 0 |a Born, Max  |e author  |9 579226 
700 0 |a Wolf, Emil  |e author  |9 579227 
245 1 0 |a Principles of optics: electromagnetic theory of propagation, interference and diffraction of light 
250 |a 7a. ed 
300 |a 952 p 
942 |c BK 
945 |d 20150423 11:40:00  |a cmena 
260 |a Cambridge  |b Cambridge University  |c 1999 
650 0 |a Optica   |9 263171 
650 7 |a CAMPOS ELECTROMAGNETICOS  |2 CL-VaPUC  |9 264139 
650 0 |a Propiedades físicas  |9 342981 
650 7 |a DIFRACCION  |2 CL-VaPUC  |9 354948 
583 |a last modification  |c 20150423 11:40:00  |k Rodrigo Vera 
999 |c 358870  |d 358868 
952 |0 0  |1 0  |3 erd  |4 0  |6 535_000000000000000_BOR_1999  |7 0  |8 A  |9 467811  |a BIBCUR  |b BIBCUR  |i 5146917  |o 535 BOR 1999  |p 5146917  |r 2025-04-22  |w 2019-11-23  |y BK  |z Catalogado en:20150423  |k FIS 
952 |0 0  |1 0  |3 erd  |4 0  |6 535_000000000000000_BOR_1999  |7 0  |8 A  |9 467812  |a BIBCUR  |b BIBCUR  |i 5146909  |o 535 BOR 1999  |p 5146909  |r 2025-04-22  |w 2019-11-23  |y BK  |z Catalogado en:20150423  |k FIS